000 00641nam a22002177a 4500
999 _c10868
_d10868
003 AR-CdUCM
008 190402b ||||| |||| 00| 0 spa d
040 _aMUNICIPALIDAD PROVINCIAL DEL CUSCO
_cBIBLIOTECA MUNICIPAL DEL CUSCO
082 _aC / 869.56 /
_bY49
100 _aYépez Miranda, Alfredo
_94230
245 _aEstampas del Cuzco:
_bNarraciones /
260 _aCusco :
_bGarcilaso,
_c1967.
300 _a36 páginas ;
_c24 cm.
505 _aContenido: Narraciones.
650 _aLiteratura Peruana
_9132
650 _aCusco
_9772
650 _aSiglo XX
_98
650 _aNarraciones
_9930
942 _2ddc
_cLIBROS
945 _aachl